Zufällige Länderumrisse zu Land - Statistiken

Allgemein
  • Dieses Quiz wurde 59.996 mal gespielt
  • Das Durchschnittsergebnis liegt bei 9 aus 20
Antwortstatistiken
Bildquiz Antwort % Korrekt
Italien
95%
Deutschland
94%
Norwegen
94%
Australien
92%
Frankreich
92%
Chile
91%
Vereinigte Staaten
91%
Vereinigtes Königreich
90%
Indien
89%
Island
87%
Kanada
87%
Griechenland
86%
Japan
86%
Österreich
86%
Spanien
86%
Ägypten
85%
Zypern
85%
Indonesien
84%
Kroatien
83%
Russland
83%
Türkei
80%
Marokko
78%
Mexiko
78%
Schweden
78%
China
77%
Vietnam
77%
Südafrika
76%
Thailand
73%
Brasilien
71%
Neuseeland
71%
Irland
70%
Kuba
70%
Portugal
70%
Somalia
70%
Philippinen
67%
Argentinien
66%
Finnland
66%
Schweiz
66%
Ukraine
66%
Dänemark
65%
Mali
65%
Niederlande
65%
Israel
64%
Papua-Neuguinea
64%
Myanmar
63%
Senegal
63%
Laos
62%
Nepal
62%
Polen
62%
Madagaskar
61%
Namibia
60%
Sri Lanka
60%
Benin
57%
Bosnien und Herzegowina
57%
Monaco
56%
Algerien
55%
Gambia
55%
Mongolei
55%
Tschechien
55%
Kosovo
54%
Libyen
52%
Pakistan
52%
Rumänien
52%
Tschad
51%
Vatikanstadt
51%
Kasachstan
50%
Serbien
50%
Iran
49%
Panama
49%
Jemen
48%
Mauretanien
48%
Malaysia
47%
Saudi-Arabien
47%
Ungarn
47%
Albanien
46%
Mosambik
46%
Oman
46%
Demokratische Republik Kongo
45%
Sudan
45%
Afghanistan
44%
Angola
44%
Äthiopien
44%
Peru
44%
Slowakei
44%
Bangladesch
43%
Haiti
42%
Kamerun
42%
Sambia
42%
Taiwan
42%
Bulgarien
41%
Moldawien
41%
Usbekistan
41%
Eritrea
40%
Malediven
40%
Niger
40%
Tunesien
40%
Venezuela
40%
Belarus
39%
Irak
39%
Vereinigte Arabische Emirate
39%
Malawi
38%
Föderierte Staaten von Mikronesien
37%
Jordanien
37%
Südkorea
37%
Syrien
37%
Belgien
36%
Lettland
36%
Nordkorea
36%
Äquatorial-Guinea
35%
Nordmazedonien
35%
Estland
34%
Ghana
34%
Bahamas
33%
Turkmenistan
33%
Elfenbeinküste
32%
Trinidad und Tobago
32%
Burkina Faso
31%
Kirgisistan
31%
Kolumbien
31%
Litauen
31%
Nicaragua
31%
Tadschikistan
31%
Gabun
30%
Georgien
30%
Togo
30%
Aserbaidschan
29%
Malta
29%
Slowenien
29%
Ecuador
28%
Liechtenstein
28%
Luxemburg
28%
Paraguay
28%
Guyana
27%
Jamaika
27%
Tansania
27%
Montenegro
26%
Salomonen
26%
Costa Rica
25%
Liberia
25%
Nigeria
25%
Zentralafrikanische Republik
25%
Guinea
24%
Nauru
24%
Simbabwe
24%
Singapur
24%
Bolivien
23%
Guatemala
23%
Kenia
23%
Kiribati
23%
Osttimor
23%
Republik Kongo
23%
Belize
22%
Botswana
22%
Kuwait
22%
Marshallinseln
22%
St. Kitts und Nevis
21%
Südsudan
21%
Vanuatu
21%
Guinea-Bissau
20%
Kap Verde
20%
Antigua und Barbuda
19%
Armenien
19%
Fidschi
19%
Katar
19%
Tuvalu
19%
São Tomé und Príncipe
18%
Brunei
17%
Honduras
17%
Libanon
17%
Dominikanische Republik
16%
St. Vincent und die Grenadinen
16%
Uganda
16%
Uruguay
16%
Burundi
15%
Dschibuti
15%
El Salvador
15%
Barbados
14%
Bhutan
14%
Eswatini
14%
Grenada
14%
Samoa
14%
Sierra Leone
14%
Bahrain
13%
Kambodscha
13%
Komoren
13%
Palau
13%
Suriname
13%
Tonga
13%
Andorra
12%
San Marino
12%
Seychellen
12%
St. Lucia
12%
Lesotho
11%
Dominica
10%
Mauritius
10%
Ruanda
9%
Keine übereinstimmenden Quizze gefunden
Verteilung der Resultate
Anzahl Personen mit jedem Resultat
Perzentil nach korrekt beantworteten Fragen
Ihre Resultats-Entwicklung
Sie haben dieses Quiz noch nicht gespielt